| 000 | 00801cam a22002653a 4500 | ||
|---|---|---|---|
| 001 | 15201 | ||
| 003 | PGUSA | ||
| 005 | 20140828083327.0 | ||
| 008 | 050228s2005||||xxu|||||s|||||000 | eng d | ||
| 040 |
_aPGUSA _beng |
||
| 042 | _adc | ||
| 050 | 4 | _aGV | |
| 100 | 1 |
_aLasker, Edward, _d1885-1981 |
|
| 245 | 1 | 0 |
_aSzachy i Warcaby : _bDroga do mistrzostwa _h[electronic resource] / _cEdward Lasker |
| 260 |
_bProject Gutenberg, _c2005 |
||
| 506 | _aCopyrighted. Read the copyright notice inside this book for details. | ||
| 516 | _aElectronic text | ||
| 653 | _aChess | ||
| 653 | _aCheckers | ||
| 700 | 1 | _aOziminski, Wojciech | |
| 740 | 0 | _aChess and Checkers: The Way to Mastership. Polish | |
| 830 | 0 |
_aProject Gutenberg _v15201 |
|
| 856 | 4 | 0 | _uhttp://www.gutenberg.org/ebooks/15201 |
| 942 | _cEB | ||
| 999 |
_c244456 _d244456 |
||